000 01008cab a2200241 4500
001 X95944
008 090401t1998 xxu||||| |||| 00| 0 eng d
035 _a(Sirsi) u90577
041 _aeng
245 _aSatnam Investments Ltd v Dunlop Heywood & Co Ltd and Morbaine Ltd
260 _c1998
350 _a0
490 _aNew Property Cases
_v[1998] NPC 169
520 _aCA 21 December 1998. Dunlop Heywood held to have passed on confidential information in breach of their fiduciary duty to their client, but that the recipient, Morbaine, having no fiduciary duty and having acted honestly, could take advantage of that information. Headnote from journal - No photocopying allowed.
650 _aBREACH OF CONFIDENCE
650 _aBREACH OF FIDUCIARY DUTIES
650 _aCONSTRUCTIVE TRUST
650 _aPROPERTY DEVELOPERS
650 _aSATNAM INVESTMENTS LTD V DUNLOP HEYWOOD & CO LTD
690 _aMANAGEMENT-BUSINESS MANAGEMENT-PROFESSIONAL PRACTICE
942 _n0
948 _c07/01/1999
999 _c57439
_d57439